| 000 | 00404 a2200157 4500 | ||
|---|---|---|---|
| 005 | 20250716142501.0 | ||
| 020 | _a978 1 4080 9530 0 | ||
| 082 | _a658 COL | ||
| 100 | _aCOLE, A. G | ||
| 245 | _aManagement Theory and Practice | ||
| 250 | _a8th Ed, | ||
| 260 |
_aAutralia _bCengage Learning Emea _c2015 |
||
| 300 |
_ax,637p.: ill.; figures, tables _bIndex _c26cm |
||
| 700 | _aPhil Kelly | ||
| 942 |
_2ddc _cBKS |
||
| 999 |
_c6738 _d6738 |
||